| 000 | 00548nam a2200181Ia 4500 | ||
|---|---|---|---|
| 005 | 20250508162020.0 | ||
| 008 | 008 250505s9999 xx 000 0 eng d | ||
| 037 | _aTextual | ||
| 040 |
_aFEDL _beng _cFEDL |
||
| 041 |
_aeng _2eng |
||
| 084 |
_a306.4, PHI _qFEDL |
||
| 100 |
_aPhillips Derek L. _9254790 |
||
| 245 | 0 | _aWittgenstein and scientific knowledge : A sociological perspective | |
| 260 |
_aLondon, UK _bThe Macmillan Press Limited _c1977 |
||
| 300 | _axiv,248p. | ||
| 942 |
_cTEXL _h306.4, PHI |
||
| 999 |
_c1373845 _d1373845 |
||